00455 2200181 4500001002100000008004100021035002000062245003800082100001500120260002800135300002600163020002200189084001400211082000800225650001000233990001500243990001500258INLIS000000000003309 ind  a0010-1225000130 aX-Press TKA KimiacIka Stri Ratna aRatna, Ika aJakartabErlanggac2025 a170 hlmc21 x 25,5 cm a978-623-522-753-5 a540 IKA X a540 aKimia a19790/B/26 a19791/B/26